Uru Jyoti:Ved Sambandhi Nibandhonka Sangraha (Record no. 350461)

MARC details
000 -LEADER
fixed length control field 004490000a22002050004500
005 - DATE AND TIME OF LATEST TRANSACTION
control field 20120302060159.0
040 ## - CATALOGING SOURCE
Original cataloging agency HIN
100 ## - MAIN ENTRY--PERSONAL NAME
Personal name Mathura,Vasudeo Sharan
245 ## - TITLE STATEMENT
Title Uru Jyoti:Ved Sambandhi Nibandhonka Sangraha
260 ## - PUBLICATION, DISTRIBUTION, ETC. (IMPRINT)
Place of publication, distribution, etc Agra:Prabhakar,1937.
300 ## - PHYSICAL DESCRIPTION
Extent 161p.
365 ## - TRADE PRICE
Price amount 2.15/-
650 ## - SUBJECT ADDED ENTRY--TOPICAL TERM
Topical term or geographic name as entry element Dharma
650 ## - SUBJECT ADDED ENTRY--TOPICAL TERM
Topical term or geographic name as entry element Hindu-Dharma
650 ## - SUBJECT ADDED ENTRY--TOPICAL TERM
Topical term or geographic name as entry element Ved
650 ## - SUBJECT ADDED ENTRY--TOPICAL TERM
Topical term or geographic name as entry element Nibandha
650 ## - SUBJECT ADDED ENTRY--TOPICAL TERM
Topical term or geographic name as entry element Yog
650 ## - SUBJECT ADDED ENTRY--TOPICAL TERM
Topical term or geographic name as entry element Agni
942 ## - ADDED ENTRY ELEMENTS (KOHA)
Koha item type Book
Holdings
Withdrawn status Lost status Damaged status Not for loan Home library Current library Date acquired Total Checkouts Barcode Date last seen Price effective from
        Institute For Oriental Study, Thane Institute For Oriental Study, Thane 12/02/2009   IOS-519 12/02/2009 12/02/2009